| 000 | 00946nam a2200241 i 4500 | ||
|---|---|---|---|
| 001 | 113725 | ||
| 003 | ES-MaACL | ||
| 005 | 20240419183718.0 | ||
| 007 | t| | ||
| 008 | 061121s1984 sp |||| | spa d | ||
| 100 | 1 |
_aPacheco, Joaquín Francisco, _d1808-1865 _988121 |
|
| 245 | 1 | 0 |
_aLecciones de derecho político / _cJoaquín F. Pacheco ; estudio preliminar por Francisco Tomás y Valiente. |
| 260 |
_aMadrid : _bCentro de Estudios Constitucionales, _c1984. |
||
| 300 |
_aLV, 193 p. 1 lám. retr. ; _c22 cm. |
||
| 490 | 1 |
_aClásicos del constitucionalismo español ; _v5 |
|
| 650 | 0 | 4 |
_aDerecho político- _zEspaña- _vHistoria. _9161743 |
| 700 | 0 |
_aTomás y Valiente, Francisco, _d1932-1996 _9110535 |
|
| 710 | 2 |
_aCentro de Estudios Constitucionales (España) _92618 |
|
| 830 | 1 |
_aClásicos del constitucionalismo español ; _v5 _9185739 |
|
| 852 |
_aES-MaACL _jL-7767 |
||
| 852 |
_aES-MaACL _jL-8033 |
||
| 999 |
_c113725 _d113725 |
||